LEADER 01234nam2-22003131i-450- 001 990000227050403321 035 $a000022705 035 $aFED01000022705 035 $a(Aleph)000022705FED01 035 $a000022705 100 $a20011111d--------km-y0itay50------ba 101 0 $aita 105 $ay-------001yy 200 1 $a3. : Allegato B : relazione del servizioVI(approvvigionamenti) delle Ferroviedello stato sulle forniture eseguite.LVII, 309 p. 210 $aRoma$cDirezione dell'Unione editrice$d1912- 215 $av.$d32 cm 461 0$1001000011570$12001$a<>opera del ministero dei lavori pubblici nei comuni colpiti dal terremoto del 28 dicembre 1908 610 0 $aCalabria$aTerremoto 1908$aAssistenza 610 0 $aSicilia$aTerremoto 1908$aAssistenza 676 $a363.349 5 710 02$aItalia :$bMinistero dei lavori pubblici :$bDirezione generale dei servizi speciali$0285513 801 0$aIT$bUNINA$gRICA$2UNIMARC 901 $aBK 912 $a990000227050403321 952 $a13 M 17 26$b764$fFINBC 959 $aFINBC 996 $a3. : Allegato B : relazione del servizioVI(approvvigionamenti) delle Ferroviedello stato sulle forniture eseguite.LVII, 309 p$9122838 997 $aUNINA DB $aING01 LEADER 01460nam0 22003613i 450 001 VAN00255108 005 20251118095021.334 017 70$2N$a9781461439424 100 $a20230223d2012 |0itac50 ba 101 $aeng 102 $aUS 105 $a|||| ||||| 181 $ai$b e 182 $ab 183 $acr 200 1 $aDegradation of Implant Materials$fNoam Eliaz editor 210 $aNew York$cSpringer$d2012 215 $aXII, 516 p.$cill.$d24 cm 620 $aUS$dNew York$3VANL000011 676 $a620.192$cPolimeri$v22 676 $a610.28$cIngegneria biomedica. Biomateriali$v22 676 $a541.37$cElettrochimica e magnetochimica$v22 676 $a621.89$cTribologia$v22 712 $aEliaz, Noam$3VANV207436$4650 712 $aSpringer $3VANV108073$4650 801 $aIT$bSOL$c20251121$gRICA 856 4 $uhttps://link.springer.com/openurl?genre=book&isbn=978-1-4614-3942-4$zE-book - Accesso al full-text attraverso riconoscimento IP di Ateneo, proxy e/o Shibboleth 899 $aBIBLIOTECA DEL DIPARTIMENTO DI SCIENZE E TECNOLOGIE AMBIENTALI BIOLOGICHE E FARMACEUTICHE$1IT-CE0101$2VAN17 912 $fN 912 $aVAN00255108 950 $aBIBLIOTECA DEL DIPARTIMENTO DI SCIENZE E TECNOLOGIE AMBIENTALI BIOLOGICHE E FARMACEUTICHE$d17CONS e-book 2303 $e17BIB2303/215 215 20230223 996 $aDegradation of Implant Materials$93008712 997 $aUNICAMPANIA